Přichází PRIIPs s "energetickými štítky" pro investiční produkty

Nariadenie Európskeho parlamentu a Rady č. 1286/2014 o zverejnení kľúčových informácií týkajúcich sa štrukturovaných retailových investičných produktov a poistných produktov s investičnou zložkou (s upravenou skratkou PRIIPs). Hlavné ukazovatele európskeho nariadenia PRIIPs pre všetky produkty život...

Ausführliche Beschreibung

Gespeichert in:
Bibliographische Detailangaben
1. Verfasser: Veselý, Karel
Format: Buchkapitel
Sprache:Tschechisch
Schlagworte:
Tags: Tag hinzufügen
Keine Tags, Fügen Sie das erste Tag hinzu!

MARC

LEADER 00000nla a2200000 4500
001 0222218
005 20240111122047.8
041 0 |a cze 
044 |a CZ 
245 1 0 |a Přichází PRIIPs s "energetickými štítky" pro investiční produkty  |c Karel Veselý ... [et al.] 
520 |a Nariadenie Európskeho parlamentu a Rady č. 1286/2014 o zverejnení kľúčových informácií týkajúcich sa štrukturovaných retailových investičných produktov a poistných produktov s investičnou zložkou (s upravenou skratkou PRIIPs). Hlavné ukazovatele európskeho nariadenia PRIIPs pre všetky produkty životného poistenia s investičnou zložkou, ktoré sú poisťovne povinné zverejňovať od roku 2017. Dopady regulácie na poistný trh. 
610 2 0 |a trh poistný 
610 2 0 |a poisťovníctvo 
610 2 0 |a poisťovne 
610 2 0 |a poistenie životné 
610 2 0 |a produkty 
610 2 0 |a portfólio 
610 2 0 |a riziko poistné 
610 2 0 |a regulácia 
610 2 0 |a poradcovia finanční 
100 1 |a Veselý, Karel